Statistiques concernant Bratislava - Culture générale

Cliquez ici pour prendre le quiz!

Statistiques générales

  • Ce quiz a été pris 37 fois
  • Le résultat moyen est 10 sur 15

Statistiques - réponses

InformationRéponse% Correct
Pays dont Bratislava est la capitaleSlovaquie
100%
Fleuve qui coule à travers la villeDanube
97%
Pays qui partagent une frontière avec BratislavaHongrie
91%
Langue la plus parlée dans la ville jusqu'à la seconde guerre mondialeAllemand
88%
Pays qui partagent une frontière avec BratislavaAutriche
84%
Agent secret qui se rend à Bratislava pour une mission dans Tuer n'est pas jouer (1987)James Bond
84%
Couleur particulière de l'église Sainte-ÉlisabethBleue
72%
Conquérant qui a détruit une partie de Bratislava avec ses canons en 1809Napoléon
72%
Chaîne de montagnes qui commencent sur le territoire de la villeCarpates
56%
Monument le plus visité et bâtiment représenté sur les armoiries de la villeChâteau de Bratislava
56%
Série de manifestations pacifiques menant à la chute du communisme et le divorce tchécoslovaqueRévolution de {Velours}
53%
Humoriste, leader du groupe fictif "Bratisla Boys", connu grâce à la chanson Stach Stach (2002)Michaël Youn
53%
Nom germanophone de Bratislava, utilisé en français jusqu'au XXèmePresbourg
22%
Équipe de hockey sur glace qui évoluait en KHL (club de football portant le même nom)HC Slovan Bratislava
22%
Compositeur, prénommé Johann Nepomuk, reconnu grâce son concerto pour trompette et sa virtuosité au pianoJohann Nepomuk Hummel
9%

Distribution des résultats

Percentile par nombre de réponses

% des personnes avec chaque résultat

Votre développement - résultats

Vous n’avez pas pris ce quiz